000 01609nam0a2200349 4500
001 RU\NLR\BIBL_A\022636906
005 20251123113626.0
010 _a978-5-7590-1434-8
_9500
035 _a(NLR Aleph) 022636906
090 _a13466016
_c13466016
100 _a20251006d2025 u y0rusy50 ca
101 0 _arus
102 _aRU
105 _aa z 000ay
181 0 _ai
_bxxxe
182 0 _an
200 1 _aПослевкусие
_eроман, рассказы
_fАнатолий Подольский
_g[рисунки художника Е. Н. Волоховой]
203 _aТекст
_bвизуальный
_cнепосредственный
210 _aЙошкар-Ола
_cМарийское книжное изд-во
_d2025
215 _a351 с.
_cил.
_d21
225 1 _aСерия "Национальная библиотека"
_eНБ
300 _aНа задней сторонке пер. авт.: Подольский А. А., лауреат Гос. премии Респ. Марий Эл в обл. лит.
327 1 _aСодерж.: Послевкусие : роман ; рассказы: Портфель капитана ; Формулы жизни ; Синдром Киссинджера ; Труба ; Амнезия
333 _a12+
686 2 _aШ6(2=Р)8-44
700 1 _aПодольский
_bА. А.
_f1953-
_gАнатолий Анатольевич
702 1 _aВолохова
_bЕ. Н.
_4440
942 _cBOOK
980 _aNB